[Event "European Individual Championships"]
[Site "Dresden GER"]
[Date "2007.04.07"]
[EventDate "2007.04.03"]
[Round "5"]
[Result "1-0"]
[White "Gawain Jones"]
[Black "Alexandre Vuilleumier"]
[WhiteElo "2509"]
[BlackElo "2368"]
[PlyCount "65"]

1. e4 e5 2. Nf3 Nc6 3. d4 exd4 4. Nxd4 Nf6 5. Nxc6 bxc6 6. e5
Qe7 7. Qe2 Nd5 8. c4 Ba6 9. b3 O-O-O 10. g3 g5 11. Bb2 Bg7
12. Nd2 Nb4 13. Nf3 c5 14. Bg2 Bb7 15. O-O Nc6 16. Rfe1 h5
17. a3 h4 18. b4 hxg3 19. hxg3 Rh7 20. b5 Nb8 21. Nxg5 Rh6
22. Bxb7+ Kxb7 23. f4 Rg6 24. Ne4 Bh6 25. f5 Rgg8 26. Qf3 Kc8
27. Nf6 Rh8 28. Nd5 Qe8 29. Bc1 d6 30. Bxh6 Rxh6 31. exd6 Qh8
32. dxc7 Qd4+ 33. Qe3 1-0

[Event "European Individual Championships"]
[Site "Dresden GER"]
[Date "2007.04.08"]
[EventDate "2007.04.03"]
[Round "6"]
[Result "0-1"]
[White "Raoul Strohhaeker"]
[Black "Gawain Jones"]
[WhiteElo "2386"]
[BlackElo "2509"]
[PlyCount "36"]

1. e4 c5 2. Nf3 a6 3. c4 e6 4. Nc3 b6 5. d4 cxd4 6. Nxd4 Bb7
7. Be2 Qc7 8. O-O Nf6 9. f3 Bd6 10. Kh1 Bf4 11. Ndb5 axb5
12. Nxb5 Qe5 13. Bxf4 Qxf4 14. g3 Qe5 15. f4 Bxe4+ 16. Bf3
Qxb2 17. Nc7+ Ke7 18. Nxa8 Ng4 0-1

[Event "European Individual Championships"]
[Site "Dresden GER"]
[Date "2007.04.11"]
[EventDate "2007.04.03"]
[Round "8"]
[Result "0-1"]
[White "Leonid Kritz"]
[Black "Gawain Jones"]
[WhiteElo "2593"]
[BlackElo "2518"]
[PlyCount "132"]

1. e4 c5 2. Nf3 Nc6 3. Bb5 g6 4. Bxc6 dxc6 5. d3 Bg7 6. Nc3
Bg4 7. h3 Bxf3 8. Qxf3 Nf6 9. Qg3 O-O 10. Bd2 e5 11. O-O-O Qd6
12. Qh2 Rfd8 13. Be3 a5 14. g4 a4 15. f3 b5 16. Ne2 b4 17. h4
Qe6 18. Kb1 b3 19. cxb3 axb3 20. a3 c4 21. dxc4 Qxc4 22. Ng3
Rd3 23. Rc1 Qb5 24. Qe2 Bf8 25. Rhd1 Rad8 26. Rxd3 Qxd3+
27. Qxd3 Rxd3 28. Nf1 c5 29. a4 Nd7 30. a5 Nb8 31. Bxc5 Bxc5
32. Rxc5 Na6 33. Rc3 Rd1+ 34. Rc1 Rd3 35. Rc3 Rd1+ 36. Rc1 Rd3
37. Rc8+ Kg7 38. Kc1 Rxf3 39. Nd2 Rg3 40. Kd1 Rxg4 41. Rc6 Nb4
42. Rb6 Rg1+ 43. Ke2 Nc2 44. Nxb3 Rg2+ 45. Kd1 Ne3+ 46. Kc1
Nc4 47. Rb4 Rxb2 48. a6 Kh6 49. Rb5 Ra2 50. Rb4 Nd6 51. Rb6
Nxe4 52. Rc6 f5 53. Kb1 Ra4 54. Kb2 f4 55. Nc1 f3 56. Nd3 f2
57. Nxf2 Nxf2 58. Kb3 Ra1 59. Kb4 e4 60. Kb5 e3 61. Re6 Ng4
62. Re7 Kh5 63. Rxh7+ Nh6 64. Re7 Nf5 65. Re5 Kxh4 66. Kb6 Kg3
0-1

[Event "European Individual Championships"]
[Site "Dresden GER"]
[Date "2007.04.12"]
[EventDate "2007.04.03"]
[Round "9"]
[Result "1/2-1/2"]
[White "Gawain Jones"]
[Black "Igor Alexandre Nataf"]
[WhiteElo "2518"]
[BlackElo "2596"]
[PlyCount "91"]

1. e4 c5 2. Nc3 e6 3. f4 d5 4. Nf3 Nc6 5. Bb5 Nge7 6. exd5
exd5 7. Qe2 g6 8. Ne5 Be6 9. b3 Rc8 10. Bb2 Rg8 11. O-O-O a6
12. Bxc6+ Nxc6 13. Nxc6 Rxc6 14. g4 Be7 15. Rde1 d4 16. Ne4
Qd7 17. Rhg1 Kd8 18. d3 Re8 19. Kb1 Bh4 20. Ref1 f5 21. gxf5
Bxf5 22. Qd2 Kc8 23. Ng3 Rce6 24. Nxf5 gxf5 25. Qa5 Qc7
26. Qxc7+ Kxc7 27. Rg7+ R8e7 28. Rxe7+ Rxe7 29. c3 Bf6
30. cxd4 Bxd4 31. Bxd4 cxd4 32. Rg1 Kc6 33. Rg5 Re1+ 34. Kb2
Re2+ 35. Ka3 Rxh2 36. Rxf5 Rh3 37. Kb4 Rxd3 38. Kc4 Rd1
39. Rf6+ Kc7 40. Rh6 d3 41. Rxh7+ Kc6 42. Rh6+ Kc7 43. Rf6 Kd7
44. f5 b5+ 45. Kd4 a5 46. Ra6 1/2-1/2

[Event "European Individual Championships"]
[Site "Dresden GER"]
[Date "2007.04.14"]
[EventDate "2007.04.03"]
[Round "11"]
[Result "1-0"]
[White "Mikhael Mchedlishvili"]
[Black "Gawain Jones"]
[WhiteElo "2609"]
[BlackElo "2518"]
[PlyCount "59"]

1. d4 Nf6 2. Nf3 c5 3. d5 b5 4. Bg5 Ne4 5. Bf4 Bb7 6. a4 e6
7. dxe6 fxe6 8. axb5 d6 9. Nbd2 Qf6 10. Nxe4 Qxf4 11. Nc3 d5
12. g3 Qf6 13. Bg2 Nd7 14. O-O Be7 15. Nd2 Nb6 16. e4 O-O
17. Nb3 dxe4 18. Na5 Bd5 19. Nc6 Bxc6 20. bxc6 e3 21. fxe3 Qe5
22. Qd3 Rxf1+ 23. Rxf1 Rd8 24. Qe4 Bf6 25. Qxe5 Bxe5 26. Ne4
Nc4 27. Bh3 Re8 28. Ng5 Nxe3 29. Bxe6+ Kh8 30. Bd7 1-0

[Event "European Individual Championships"]
[Site "Dresden GER"]
[Date "2007.04.13"]
[EventDate "2007.04.03"]
[Round "10"]
[Result "1-0"]
[White "Gawain Jones"]
[Black "Tomasz Markowski"]
[WhiteElo "2518"]
[BlackElo "2584"]
[PlyCount "75"]

1. e4 c5 2. Nf3 e6 3. d4 cxd4 4. Nxd4 a6 5. Nc3 b5 6. Bd3 d6
7. O-O Nf6 8. Qe2 Be7 9. a4 b4 10. Na2 Qb6 11. Be3 Qb7 12. c3
bxc3 13. Nxc3 O-O 14. b4 e5 15. Nc2 Be6 16. b5 Rc8 17. bxa6
Nxa6 18. Rfb1 Qc6 19. Nd5 Bxd5 20. Rb6 Qc7 21. exd5 Nxd5
22. Rxa6 Rxa6 23. Bxa6 Qxc2 24. Qf3 Qb2 25. Rf1 Nxe3 26. fxe3
Rf8 27. Qb7 Qxb7 28. Bxb7 Bd8 29. Rb1 Bc7 30. Rb5 Bb8 31. Kf2
Ba7 32. Kf3 Rb8 33. Ke4 g6 34. a5 f5+ 35. Kd5 Bxe3 36. Ke6 e4
37. Bd5 Kg7 38. Rxb8 1-0

[Event "Staunton Memorial"]
[Site "?"]
[Date "2007.08.07"]
[EventDate "2007.08.07"]
[Round "1"]
[Result "1/2-1/2"]
[White "Gawain Jones"]
[Black "Jan Smeets"]
[WhiteElo "2526"]
[BlackElo "2538"]
[PlyCount "90"]

1. e4 c6 2. c4 d5 3. exd5 cxd5 4. cxd5 Nf6 5. Qa4+ Nbd7 6. Nc3
g6 7. Bc4 Bg7 8. d3 O-O 9. Nf3 a6 10. Qa3 Nb6 11. Qb3 e6
12. dxe6 Nxc4 13. dxc4 Bxe6 14. O-O b5 15. Rd1 Qa5 16. Nd5
bxc4 17. Qc3 Qxc3 18. Nxc3 Rab8 19. Nd4 Nd5 20. Nde2 Nb4
21. Bf4 Rb7 22. Bd6 Re8 23. Rd2 Bf5 24. Bxb4 Rxb4 25. Rad1 Kf8
26. Nf4 Bh6 27. g3 Bg4 28. f3 Bxf3 29. Rf1 Bg4 30. Ncd5 Rd8
31. Rc2 Ra4 32. Nb6 Rxa2 33. Nxc4 Rc8 34. Rcc1 Bg7 35. h3 Bd7
36. Rfd1 Bb5 37. b3 Bh6 38. Nd6 Rxc1 39. Rxc1 Bd7 40. Rc7 Ke7
41. Nxf7 Bxf4 42. gxf4 Kxf7 43. Rxd7+ Kg8 44. h4 Rb2 45. Rb7
a5 1/2-1/2

[Event "Staunton Memorial"]
[Site "?"]
[Date "2007.08.08"]
[EventDate "2007.08.08"]
[Round "2"]
[Result "1-0"]
[White "Peter K Wells"]
[Black "Gawain Jones"]
[WhiteElo "2517"]
[BlackElo "2526"]
[PlyCount "53"]

1. d4 Nf6 2. Nf3 g6 3. c4 Bg7 4. Nc3 O-O 5. e4 d6 6. Be2 e5
7. Be3 exd4 8. Nxd4 Re8 9. f3 Nc6 10. Qd2 Nh5 11. Nxc6 bxc6
12. g4 Nf6 13. O-O-O Qe7 14. h4 a5 15. h5 Bxg4 16. hxg6 fxg6
17. e5 Qxe5 18. Bd4 Qe6 19. fxg4 Ne4 20. Nxe4 Bxd4 21. Qxd4
Qxe4 22. Rh2 Qxd4 23. Rxd4 Re5 24. Bf3 c5 25. Rxd6 cxd6
26. Bxa8 Kg7 27. Kd2 1-0

[Event "Staunton Memorial"]
[Site "?"]
[Date "2007.08.09"]
[EventDate "2007.08.09"]
[Round "3"]
[Result "1-0"]
[White "Gawain Jones"]
[Black "Jovanka Houska"]
[WhiteElo "2526"]
[BlackElo "2401"]
[PlyCount "99"]

1. e4 c6 2. d4 d5 3. e5 Bf5 4. Nf3 e6 5. a3 Nd7 6. Bd3 Bxd3
7. Qxd3 c5 8. c3 Ne7 9. h4 h5 10. Nbd2 cxd4 11. cxd4 Nf5
12. Nf1 Be7 13. Bg5 Qa5+ 14. Bd2 Qa6 15. Qc2 Nb6 16. b3 Rc8
17. Qb1 Nd7 18. Ne3 g6 19. a4 O-O 20. Rg1 Nxd4 21. Nxd4 Nxe5
22. Nb5 Bxh4 23. Ke2 d4 24. Nc4 d3+ 25. Kf1 Nxc4 26. bxc4 Bf6
27. g4 h4 28. Ra2 Rxc4 29. g5 Bg7 30. Qxd3 Rxa4 31. Rxa4 Qxa4
32. Nc3 Qa3 33. Ke2 Rc8 34. Ne4 Qxd3+ 35. Kxd3 Rd8+ 36. Ke2
Rd4 37. f3 Rc4 38. Rg4 b5 39. Rxh4 Kf8 40. Be3 a5 41. Bc5+ Kg8
42. Be7 Be5 43. Rh1 Rc2+ 44. Kd3 Rh2 45. Rc1 a4 46. Rc8+ Kg7
47. Bf6+ Bxf6 48. gxf6+ Kh7 49. Ng5+ Kh6 50. Nxf7+ 1-0

[Event "Staunton Memorial"]
[Site "?"]
[Date "2007.08.10"]
[EventDate "2007.08.10"]
[Round "4"]
[Result "1/2-1/2"]
[White "Erwin L'Ami"]
[Black "Gawain Jones"]
[WhiteElo "2598"]
[BlackElo "2526"]
[PlyCount "102"]

1. d4 Nf6 2. c4 g6 3. Nf3 Bg7 4. g3 O-O 5. Bg2 c5 6. O-O cxd4
7. Qxd4 Nc6 8. Qh4 Qa5 9. Bh6 Qh5 10. Qxh5 Nxh5 11. Bxg7 Kxg7
12. Nc3 d6 13. e3 Nf6 14. Nd4 Bd7 15. Rfd1 Rac8 16. b3 Rb8
17. Rac1 Rfc8 18. h3 a6 19. g4 h6 20. Nce2 Be8 21. Nf4 b5
22. Nxc6 Bxc6 23. Bxc6 Rxc6 24. cxb5 Rxc1 25. Rxc1 Rxb5
26. Rc7 Kf8 27. Ra7 a5 28. Ne2 Rc5 29. a4 Ne4 30. Nd4 Nd2
31. Kg2 Rd5 32. Rb7 e5 33. Ne2 Ne4 34. Ng3 Nc5 35. Rb5 Rd3
36. Rxa5 Rxb3 37. Ra7 Ra3 38. a5 Ra2 39. h4 d5 40. h5 Nd3
41. hxg6 fxg6 42. Nh1 e4 43. a6 Nb4 44. Rb7 Nxa6 45. Rb5 Nc7
46. Rc5 Ra7 47. Rc6 Kf7 48. Rd6 Ne8 49. Rxd5 Nf6 50. Rd4 Ra2
51. Ng3 Nxg4 1/2-1/2

[Event "Staunton Memorial"]
[Site "?"]
[Date "2007.08.11"]
[EventDate "2007.08.11"]
[Round "5"]
[Result "0-1"]
[White "Gawain Jones"]
[Black "Jan Werle"]
[WhiteElo "2526"]
[BlackElo "2552"]
[PlyCount "98"]

1. e4 c5 2. Nc3 Nc6 3. Bb5 Nd4 4. Bc4 e6 5. Nge2 Nf6 6. O-O a6
7. d3 b5 8. Bb3 Nxb3 9. axb3 Bb7 10. Bg5 d6 11. f4 h6 12. Bh4
g5 13. Bg3 Bg7 14. Qd2 Nh5 15. f5 Nxg3 16. Nxg3 h5 17. Qd1 g4
18. Nge2 Qg5 19. Qc1 Qxc1 20. Raxc1 Ke7 21. Nf4 Rh6 22. Nd1
exf5 23. exf5 Kd7 24. Nc3 Bd4+ 25. Kh1 h4 26. Ncd5 h3 27. g3
Bxb2 28. Rce1 Be5 29. Kg1 Re8 30. c4 Bd4+ 31. Kh1 Re5 32. Re4
Rh8 33. Nf6+ Kc8 34. N4d5 Rxe4 35. Nxe4 Kd7 36. Ng5 Re8
37. Nxf7 Re3 38. Rd1 Rf3 39. Nh6 Bg7 40. Nxg4 Rxf5 41. Nge3
Rf3 42. Nb6+ Ke6 43. Ned5 Bd4 44. Nc7+ Kf5 45. Nbd5 Rf2
46. Ne8 Be5 47. Nec7 Rb2 48. Rf1+ Kg6 49. b4 bxc4 0-1

[Event "Staunton Memorial"]
[Site "?"]
[Date "2007.08.15"]
[EventDate "2007.08.15"]
[Round "8"]
[Result "1-0"]
[White "Gawain Jones"]
[Black "Colin A McNab"]
[WhiteElo "2526"]
[BlackElo "2416"]
[PlyCount "103"]

1. e4 g6 2. d4 Bg7 3. Nc3 d6 4. f4 Nf6 5. Nf3 O-O 6. Be3 b6
7. Qd2 Bb7 8. e5 Ng4 9. O-O-O c5 10. dxc5 Qc8 11. cxd6 exd6
12. Bg1 dxe5 13. h3 Nf6 14. fxe5 Ne4 15. Nxe4 Bxe4 16. Bd3
Bxd3 17. Qxd3 Nc6 18. Bh2 Re8 19. Rhe1 Qe6 20. Qb3 Rac8
21. Kb1 Qxb3 22. axb3 Rcd8 23. Rxd8 Rxd8 24. c3 Kf8 25. b4 b5
26. Kc2 Ke7 27. Ra1 Rd5 28. b3 h6 29. Bg3 g5 30. Ra6 Kd7
31. Be1 Nxe5 32. Rxa7+ Ke8 33. Nd4 Nd7 34. Bf2 Bxd4 35. Bxd4
f5 36. Ra6 h5 37. Rg6 f4 38. Rh6 g4 39. hxg4 hxg4 40. Kd3 f3
41. gxf3 gxf3 42. Ke4 Rg5 43. Kxf3 Ke7 44. Kf4 Rg8 45. Ke4 Rg5
46. Ra6 Rh5 47. Rg6 Kd8 48. Be3 Kc7 49. c4 Rh1 50. Rg5 Rb1
51. Rxb5 Rxb3 52. Bd2 1-0

[Event "Staunton Memorial"]
[Site "?"]
[Date "2007.08.17"]
[EventDate "2007.08.17"]
[Round "10"]
[Result "1-0"]
[White "Gawain Jones"]
[Black "Loek van Wely"]
[WhiteElo "2526"]
[BlackElo "2679"]
[PlyCount "49"]

1. e4 c5 2. Nc3 Nc6 3. f4 g6 4. Nf3 Bg7 5. Bb5 Nd4 6. O-O a6
7. Bd3 b5 8. Nxd4 Bxd4+ 9. Kh1 Bb7 10. e5 Ra7 11. Be4 Bxc3
12. Bxb7 Bxb2 13. Bxb2 Rxb7 14. f5 Nh6 15. Qf3 Qb6 16. e6 f6
17. fxg6 hxg6 18. Bxf6 exf6 19. Qxf6 Rg8 20. Rae1 d5 21. Qg5
Re7 22. Qxh6 Qa5 23. Rf6 Qxa2 24. Rxg6 Rf8 25. Qxf8+ 1-0

[Event "Staunton Memorial"]
[Site "?"]
[Date "2007.08.16"]
[EventDate "2007.08.16"]
[Round "9"]
[Result "1/2-1/2"]
[White "Ivan Sokolov"]
[Black "Gawain Jones"]
[WhiteElo "2666"]
[BlackElo "2526"]
[PlyCount "136"]

1. d4 Nf6 2. Nf3 g6 3. c4 c5 4. d5 b5 5. cxb5 a6 6. b6 d6
7. Nc3 Nbd7 8. a4 a5 9. e4 Bg7 10. Bb5 O-O 11. O-O Ba6 12. Re1
Bxb5 13. b7 Ra7 14. Nxb5 Rxb7 15. Bd2 Qa8 16. Bc3 Ne8 17. Qd2
Nc7 18. Qg5 Bxc3 19. bxc3 f6 20. Qg4 Ne5 21. Nxe5 fxe5 22. c4
Rf4 23. Qe2 Ne8 24. g3 Rf6 25. Ra3 Ng7 26. h4 Qf8 27. Kg2 Nh5
28. Rd1 Qc8 29. Rb3 Qd7 30. f3 Qd8 31. Qd2 Rf8 32. Rdb1 Nf6
33. Nd4 Rxb3 34. Nxb3 Qb6 35. Qxa5 Rb8 36. Qxb6 Rxb6 37. a5
Ra6 38. g4 h5 39. g5 Nd7 40. Kf2 Kf7 41. Ke2 Ke8 42. Kd2 Ra8
43. Ra1 Ra6 44. Nc1 Kd8 45. Nd3 Kc8 46. Kc3 Kb7 47. Kd2 Kc8
48. Ke2 Kd8 49. Kf2 Kc8 50. Kg3 Kc7 51. f4 exf4+ 52. Kxf4 Kc8
53. e5 Nb6 54. Nb2 Nd7 55. e6 Ne5 56. Ke4 Kb7 57. Nd3 Nxc4
58. Rc1 Nxa5 59. Rxc5 dxc5 60. Nxc5+ Kc7 61. Nxa6+ Kd6 62. Nb4
Nb3 63. Nd3 Nd2+ 64. Ke3 Nc4+ 65. Kf2 Nb6 66. Nf4 Nxd5
67. Nxg6 Kxe6 68. Kg3 Kf5 1/2-1/2

[Event "UK vs China Match"]
[Site "Liverpool ENG"]
[Date "2007.09.09"]
[EventDate "2007.09.04"]
[Round "6"]
[Result "1/2-1/2"]
[White "Zhang Pengxiang"]
[Black "Gawain Jones"]
[WhiteElo "2649"]
[BlackElo "2526"]
[PlyCount "99"]

1. d4 Nf6 2. Bg5 e6 3. Nc3 h6 4. Bxf6 Qxf6 5. e4 Bb4 6. a3
Bxc3+ 7. bxc3 d6 8. Bd3 e5 9. Ne2 c5 10. dxc5 dxc5 11. Bb5+
Bd7 12. c4 O-O 13. Bxd7 Rd8 14. Nc3 Rxd7 15. Nd5 Qg6 16. Qd3
Nc6 17. O-O Rad8 18. Rfd1 Nd4 19. c3 Ne6 20. g3 Kh8 21. Kh1
Ng5 22. f3 Qh7 23. h4 Ne6 24. Qc2 Qg6 25. Kh2 Rd6 26. Ne3 Qh5
27. Rxd6 Rxd6 28. Rd1 Ra6 29. Ng4 Ng5 30. Qe2 Rg6 31. Nxe5 Re6
32. Rd8+ Kh7 33. Nd7 Nxf3+ 34. Kh1 Ra6 35. Nf8+ Kg8 36. Nd7+
Kh7 37. e5 Qg4 38. Nf8+ Kg8 39. Ne6+ Kh7 40. Nf8+ Kg8 41. Kg2
Nxh4+ 42. Kf2 Qf5+ 43. Kg1 Nf3+ 44. Kg2 Ng5 45. Ng6+ Kh7
46. Nf8+ Kg8 47. g4 Qe4+ 48. Qxe4 Nxe4 49. Ne6+ Kh7 50. Nf8+
1/2-1/2

[Event "World Junior Championship"]
[Site "Yerevan ARM"]
[Date "2007.10.03"]
[EventDate "2007.10.03"]
[Round "1"]
[Result "1-0"]
[White "Gawain Jones"]
[Black "Das Abhishek"]
[WhiteElo "2567"]
[BlackElo "2383"]
[PlyCount "55"]

1. e4 c5 2. Nc3 Nc6 3. Bb5 g6 4. Bxc6 dxc6 5. f4 Bg7 6. d3 Nf6
7. Nf3 O-O 8. O-O b6 9. Qe1 Bg4 10. Ne5 Qc7 11. Qh4 Be6
12. Nf3 h6 13. f5 g5 14. Nxg5 hxg5 15. Bxg5 Bc8 16. Rf3 Rd8
17. Bh6 Ne8 18. Bxg7 Nxg7 19. Rh3 f6 20. Qh7+ Kf7 21. Qg6+ Kg8
22. Rf1 e6 23. Qh7+ Kf7 24. fxe6+ Bxe6 25. Rh6 Qe5 26. Qg6+
Kg8 27. Rxf6 Qd4+ 28. Rf2 1-0

[Event "World Junior Championship"]
[Site "Yerevan ARM"]
[Date "2007.10.04"]
[EventDate "2007.10.03"]
[Round "2"]
[Result "0-1"]
[White "Abhijeet Gupta"]
[Black "Gawain Jones"]
[WhiteElo "2470"]
[BlackElo "2567"]
[PlyCount "128"]

1. d4 Nf6 2. c4 g6 3. Nc3 Bg7 4. e4 O-O 5. Be3 d6 6. f3 c5
7. Nge2 Qa5 8. Qd2 Nc6 9. d5 Ne5 10. Ng3 Qb4 11. b3 Nfg4
12. Rc1 Nxe3 13. Qxe3 b5 14. cxb5 f5 15. exf5 gxf5 16. Qd2 Qh4
17. Qf2 a6 18. bxa6 Bxa6 19. Bxa6 Rxa6 20. Qe2 c4 21. O-O Nd3
22. Nb5 Nxc1 23. Rxc1 cxb3 24. axb3 Ra1 25. Rxa1 Bxa1 26. Qc4
Qxc4 27. bxc4 f4 28. Ne2 Be5 29. Na7 Ra8 30. Nc6 Ra2 31. Kf1
Bf6 32. Nxf4 Rc2 33. Ne6 Rxc4 34. g4 Kf7 35. f4 Rc2 36. g5 Bb2
37. h3 Rh2 38. f5 Ke8 39. h4 h6 40. g6 Bf6 41. Nc7+ Kf8
42. Nd8 Rxh4 43. Kg2 Rh5 44. Nce6+ Kg8 45. Nf7 Bg7 46. Kf3
Rxf5+ 47. Ke4 Rf6 48. Nf4 h5 49. Nd8 Bh6 50. Nxh5 Rxg6 51. Ne6
Kf7 52. Kf3 Rxe6 53. dxe6+ Kxe6 54. Ng3 d5 55. Nh1 Kd6 56. Ng3
e6 57. Ne2 Kc5 58. Ng3 e5 59. Kg4 Kc4 60. Kf5 Bf4 61. Nh1 Kd3
62. Nf2+ Ke2 63. Nh3 d4 64. Ke4 Be3 0-1

[Event "World Junior Championship"]
[Site "Yerevan ARM"]
[Date "2007.10.05"]
[EventDate "2007.10.03"]
[Round "3"]
[Result "1/2-1/2"]
[White "Gawain Jones"]
[Black "Sasha Kaplan"]
[WhiteElo "2567"]
[BlackElo "2437"]
[PlyCount "81"]

1. e4 e5 2. Nf3 Nc6 3. d4 exd4 4. Nxd4 Bb4+ 5. c3 Bc5 6. Be3
Bb6 7. Nf5 Bxe3 8. Nxe3 Nf6 9. f3 O-O 10. c4 d6 11. Nc3 Nd7
12. Qd2 Nc5 13. Ncd5 a5 14. Be2 Ne7 15. O-O-O Nxd5 16. Qxd5 a4
17. g3 Qf6 18. Qd4 Qxd4 19. Rxd4 Be6 20. f4 Rfe8 21. Bf3 b5
22. Nd5 Bxd5 23. cxd5 Re7 24. Re1 Rae8 25. Kd2 f5 26. e5 dxe5
27. fxe5 Rxe5 28. Rxe5 Rxe5 29. Rb4 Kf7 30. Rxb5 Ne4+ 31. Bxe4
Rxe4 32. Rc5 Re7 33. d6 cxd6 34. Rxf5+ Ke6 35. Rb5 d5 36. Kd3
Ke5 37. Rb8 Rf7 38. Ke3 Rc7 39. h4 Rc2 40. a3 g6 41. Rb4
1/2-1/2

[Event "World Junior Championship"]
[Site "Yerevan ARM"]
[Date "2007.10.06"]
[EventDate "2007.10.03"]
[Round "4"]
[Result "1/2-1/2"]
[White "Geetha Narayanan Gopal"]
[Black "Gawain Jones"]
[WhiteElo "2520"]
[BlackElo "2567"]
[PlyCount "160"]

1. e4 e5 2. Nf3 Nc6 3. Bb5 Nd4 4. Nxd4 exd4 5. O-O Bc5 6. d3
c6 7. Ba4 d6 8. Nd2 Ne7 9. Bb3 d5 10. f4 f5 11. exd5 cxd5
12. Qh5+ g6 13. Qh6 Ng8 14. Qg7 Qf6 15. Qxf6 Nxf6 16. Nf3 Bd7
17. Bd2 O-O-O 18. h3 Bc6 19. Be1 Nh5 20. g3 Ng7 21. Bf2 Ne6
22. Rfe1 Rhe8 23. Kf1 Kc7 24. Re2 Kd6 25. a3 a5 26. Rae1 a4
27. Ba2 Rb8 28. c3 Bb5 29. c4 dxc4 30. Bxc4 Bd7 31. Re5 b6
32. Rd5+ Kc7 33. Rxd7+ Kxd7 34. Bb5+ Kd6 35. Bxe8 Rxe8
36. Nxd4 Bxd4 37. Bxd4 Rc8 38. Bc3 h5 39. Re3 Nc7 40. Bb4+ Kc6
41. Ke2 Re8 42. Rxe8 Nxe8 43. Ke3 Kd5 44. Be7 Ng7 45. Bd8 b5
46. Kd2 Ne6 47. Bf6 Nc5 48. Kc3 Na6 49. Be7 Nb8 50. b3 Nc6
51. Bf6 axb3 52. Kxb3 Kc5 53. Bc3 Kd5 54. Bb2 Kc5 55. h4 Kd5
56. Kc3 Kc5 57. Bc1 Kd5 58. Be3 Ke6 59. Bf2 Kd5 60. Kb3 Kd6
61. a4 bxa4+ 62. Kxa4 Kd5 63. Kb5 Nd4+ 64. Kb6 Ne2 65. Kc7 Nc1
66. d4 Nd3 67. Bg1 Ke4 68. Kd6 Kf3 69. d5 Nb4 70. Bc5 Nxd5
71. Kxd5 Kxg3 72. Be7 Kxf4 73. Kd4 Kg3 74. Ke3 f4+ 75. Ke2 Kg2
76. Ke1 f3 77. Bc5 Kg3 78. Be7 Kg2 79. Bc5 Kg3 80. Bf2+ Kg4
1/2-1/2

[Event "World Junior Championship"]
[Site "Yerevan ARM"]
[Date "2007.10.07"]
[EventDate "2007.10.03"]
[Round "5"]
[Result "0-1"]
[White "Gawain Jones"]
[Black "Ahmed Adly"]
[WhiteElo "2567"]
[BlackElo "2494"]
[PlyCount "68"]

1. e4 c5 2. Nf3 d6 3. d4 Nf6 4. Nc3 cxd4 5. Nxd4 a6 6. Bc4 e5
7. Nde2 Be7 8. f3 Be6 9. Bb3 Nc6 10. g4 Na5 11. Ng3 Nxb3
12. axb3 h6 13. Nd5 Nxd5 14. exd5 Bd7 15. Be3 Bh4 16. Qe2 h5
17. O-O-O hxg4 18. fxg4 Bxg3 19. hxg3 Ke7 20. Bc5 f6 21. Ba3
b5 22. g5 a5 23. gxf6+ gxf6 24. Qe4 Qg8 25. Kb1 Rxh1 26. Rxh1
b4 27. Rh7+ Kd8 28. Qh4 Qxd5 29. Qxf6+ Kc7 30. Qe7 Rd8 31. Rh4
Re8 32. Qg7 e4 33. c4 Qd1+ 34. Ka2 a4 0-1

[Event "World Junior Championship"]
[Site "Yerevan ARM"]
[Date "2007.10.08"]
[EventDate "2007.10.03"]
[Round "6"]
[Result "1/2-1/2"]
[White "David Jojua"]
[Black "Gawain Jones"]
[WhiteElo "2434"]
[BlackElo "2567"]
[PlyCount "81"]

1. d4 Nf6 2. c4 g6 3. Nc3 Bg7 4. e4 d6 5. Nf3 O-O 6. h3 Qe8
7. Be2 e5 8. d5 Nh5 9. Nh2 f5 10. exf5 Nf4 11. Bxf4 exf4
12. fxg6 Qxg6 13. Kf1 Bf5 14. Nf3 Qf6 15. Bd3 Nd7 16. Kg1 Nc5
17. Bc2 Rae8 18. Kh2 Ne4 19. Nxe4 Bxe4 20. Rb1 Qg6 21. Bxe4
Rxe4 22. Qd3 Rfe8 23. Rhe1 Rxe1 24. Qxg6 hxg6 25. Rxe1 Rxe1
26. Nxe1 Bxb2 27. Nd3 Bf6 28. Nxf4 Be5 29. g3 Bxf4 30. gxf4 c6
31. dxc6 bxc6 32. Kg3 Kf7 33. f5 gxf5 34. Kf4 Kg6 35. a4 a5
36. h4 Kf6 37. f3 d5 38. cxd5 cxd5 39. Ke3 Kg6 40. Kd4 Kh5
41. Kxd5 1/2-1/2

[Event "World Junior Championship"]
[Site "Yerevan ARM"]
[Date "2007.10.09"]
[EventDate "2007.10.03"]
[Round "7"]
[Result "1-0"]
[White "Gawain Jones"]
[Black "Dzhurabek Khamrakulov"]
[WhiteElo "2567"]
[BlackElo "2357"]
[PlyCount "85"]

1. e4 c6 2. d4 d5 3. e5 Bf5 4. Ne2 e6 5. Ng3 Bg6 6. h4 h6
7. h5 Bh7 8. Nd2 Nd7 9. Nf3 Ne7 10. c3 c5 11. dxc5 Nc6 12. b4
Ncxe5 13. Nxe5 Nxe5 14. Bb5+ Nc6 15. Ne2 a6 16. Bxc6+ bxc6
17. Qa4 Qd7 18. Nd4 Rc8 19. Qxa6 e5 20. Qe2 f6 21. f4 Be7
22. fxe5 fxe5 23. Qxe5 O-O 24. Qe6+ Qxe6+ 25. Nxe6 Bf6
26. Nxf8 Bxc3+ 27. Bd2 Bxa1 28. Nxh7 Ra8 29. Kd1 Rxa2 30. Re1
Ra8 31. Re6 Rc8 32. Kc2 Kxh7 33. Bc3 Bxc3 34. Kxc3 Kg8 35. Rd6
Kf7 36. b5 cxb5 37. Kb4 Re8 38. c6 Re2 39. Kxb5 Rb2+ 40. Ka6
Ra2+ 41. Kb7 Rb2+ 42. Kc8 Rxg2 43. Kd7 1-0

[Event "World Junior Championship"]
[Site "Yerevan ARM"]
[Date "2007.10.11"]
[EventDate "2007.10.03"]
[Round "8"]
[Result "0-1"]
[White "Gawain Jones"]
[Black "Avetik Grigoryan"]
[WhiteElo "2567"]
[BlackElo "2489"]
[PlyCount "120"]

1. e4 e6 2. d4 d5 3. Nd2 c5 4. Ngf3 Nf6 5. e5 Nfd7 6. c3 Be7
7. Bd3 b6 8. Qe2 a5 9. O-O Ba6 10. c4 Nc6 11. cxd5 Bxd3
12. Qxd3 exd5 13. Re1 O-O 14. Qf5 cxd4 15. Nb3 Nc5 16. Nbxd4
Qc8 17. Nxc6 Qxc6 18. Nd4 Qd7 19. Qxd7 Nxd7 20. e6 Nc5
21. exf7+ Kxf7 22. Be3 Bf6 23. Rad1 Rad8 24. g4 Rfe8 25. g5
Bxd4 26. Bxd4 Rxe1+ 27. Rxe1 Rd6 28. h4 Ne6 29. Be5 Rc6
30. Rd1 d4 31. Rd2 Kg6 32. Kg2 Kf5 33. Bg3 Ke4 34. Re2+ Kd3
35. Kf3 a4 36. a3 g6 37. Bh2 Nc5 38. Re7 Kc2 39. Rxh7 d3
40. Bf4 Ne6 41. Be3 Nd4+ 42. Kg4 Rc4 43. h5 Nf5+ 44. Bf4 d2
45. Rd7 d1=Q+ 46. Rxd1 Kxd1 47. hxg6 Ng7 48. Kf3 Ne6 49. Be5
Nxg5+ 50. Kg3 Rc6 51. g7 Rg6 52. Kf4 Rxg7 53. Bxg7 Ne6+
54. Ke3 Nxg7 55. Kd3 Ne6 56. Kc4 Kc2 57. Kb4 b5 58. Kxb5 Kb3
59. Ka5 Nf4 60. f3 Ne2 0-1

[Event "World Junior Championship"]
[Site "Yerevan ARM"]
[Date "2007.10.12"]
[EventDate "2007.10.03"]
[Round "9"]
[Result "1/2-1/2"]
[White "Hrant Melkumyan"]
[Black "Gawain Jones"]
[WhiteElo "2469"]
[BlackElo "2567"]
[PlyCount "137"]

1. d4 Nf6 2. c4 g6 3. Nf3 Bg7 4. g3 O-O 5. Bg2 d6 6. O-O Nbd7
7. Nc3 e5 8. h3 exd4 9. Nxd4 Nb6 10. b3 d5 11. c5 Nbd7 12. c6
Ne5 13. cxb7 Bxb7 14. Ba3 Re8 15. Rc1 c6 16. Na4 Rc8 17. Nc5
Ba8 18. Qd2 Ned7 19. e3 h5 20. Nxd7 Qxd7 21. Rfd1 Qd8 22. Qc2
Kh7 23. b4 a5 24. Qa4 axb4 25. Bxb4 Ne4 26. Nf3 c5 27. Be1 Bc6
28. Qa6 Qd7 29. h4 d4 30. exd4 Bb5 31. Qa3 Be2 32. Qb3 Bxd1
33. Rxd1 cxd4 34. Qd3 f5 35. Bb4 Kh8 36. Bf1 Qc7 37. Ne1 Nc3
38. Ra1 Qf7 39. a3 Qb3 40. Ng2 Qb2 41. Re1 Rxe1 42. Nxe1 Qb1
43. Qa6 Re8 44. Nd3 Ne2+ 45. Kg2 Kh7 46. Qc6 Re4 47. Nc5 Re5
48. Ne6 Qe4+ 49. Qxe4 fxe4 50. Ng5+ Rxg5 51. hxg5 Nc3 52. f3
d3 53. Bxc3 Bxc3 54. fxe4 d2 55. Be2 Kg7 56. g4 hxg4 57. Kg3
Kf7 58. Kxg4 Ke6 59. Kf4 Kd6 60. Bd1 Be5+ 61. Ke3 Bc3 62. Kf4
Be5+ 63. Ke3 Bc3 64. Kd3 Ba5 65. a4 Ke5 66. Bc2 Bb4 67. Kc4
Ba5 68. Kd3 Bb4 69. Ke3 1/2-1/2

[Event "World Junior Championship"]
[Site "Yerevan ARM"]
[Date "2007.10.13"]
[EventDate "2007.10.03"]
[Round "10"]
[Result "0-1"]
[White "Tornike Sanikidze"]
[Black "Gawain Jones"]
[WhiteElo "2474"]
[BlackElo "2567"]
[PlyCount "72"]

1. d4 Nf6 2. c4 a6 3. Nc3 c5 4. dxc5 Qa5 5. a3 Qxc5 6. e4 e6
7. Bd3 Qc7 8. f4 d6 9. Nf3 Nbd7 10. O-O Be7 11. Kh1 b6 12. Qe2
Bb7 13. e5 dxe5 14. fxe5 Ng4 15. Bf4 h5 16. Rae1 O-O-O 17. Bc2
h4 18. h3 Nh6 19. b4 g5 20. Bh2 g4 21. hxg4 Nxg4 22. Bf4 f5
23. Bxf5 h3 24. Bxg4 hxg2+ 25. Kxg2 Bh4 26. Ne4 Rdg8 27. Nd4
Bxe1 28. Rxe1 Bxe4+ 29. Qxe4 Rxg4+ 30. Kf3 Rxf4+ 31. Qxf4 Rf8
32. Nxe6 Rxf4+ 33. Kxf4 Qxc4+ 34. Kf5 Qd3+ 35. Re4 Qh3+
36. Rg4 Nxe5 0-1